000 nam a22 7a 4500
999 _c129330
_d129330
008 190329b xxu||||| |||| 00| 0 eng d
020 _a3-459-01246-3
050 _aBX1682.R5 L56
100 _aLinden, Ian
_917675
245 _aChurch and state inn Rhodesia 1959-1979
_c/ by Ian Linden
260 _aLondon:
_bKaiser,
_c1979
300 _axiii, 307p. ;
_c21cm.
650 _aCatholic church
_xhistory
_y20th century
_zZimbabwe
_945620
650 _aChurch and state
_xhistory
_y20th century
_zZimbabwe
_945621
650 _aZimbabwe
_xChurch history
_927799
942 _2lcc
_cMONOGRAPH